000
00226nam a22000857a 4500
008
160810b xxu||||| |||| 00| 0 eng d
100
_9
106
_a
Gupta R.G
245
_a
Composite Mathematics-8
260
_a
New Delhi
_b
APC publication
_c
2012
999
_c
2759
_d
2759